Fodor's Guide to India 1966 (Record no. 1362)

000 -LEADER
fixed length control field 00690nam a22002297a 4500
003 - CONTROL NUMBER IDENTIFIER
control field OSt
005 - DATE AND TIME OF LATEST TRANSACTION
control field 20210426082209.0
008 - FIXED-LENGTH DATA ELEMENTS--GENERAL INFORMATION
fixed length control field 210215s1966 ||||| |||| 00| 0 eng d
040 ## - CATALOGING SOURCE
Original cataloging agency eng
Language of cataloging eng
Transcribing agency DLC
041 ## - LANGUAGE CODE
Language code of text/sound track or separate title eng
080 ## - UNIVERSAL DECIMAL CLASSIFICATION NUMBER
Universal Decimal Classification number 008
Item number F-71
100 ## - MAIN ENTRY--PERSONAL NAME
9 (RLIN) 850
Personal name Fodor, Eugene
Relator term Editor
245 ## - TITLE STATEMENT
Title Fodor's Guide to India 1966
Remainder of title : A Definitive Handbook of the Republic of India
Statement of responsibility, etc. / by: David McKay Company, Inc
260 ## - PUBLICATION, DISTRIBUTION, ETC.
Place of publication, distribution, etc. New York
Name of publisher, distributor, etc. David McKay Company, Inc
Date of publication, distribution, etc. 1966
300 ## - PHYSICAL DESCRIPTION
Extent 661 p.
Other physical details ill.
365 ## - TRADE PRICE
Price amount 6.95 usd
650 #0 - SUBJECT ADDED ENTRY--TOPICAL TERM
9 (RLIN) 493
Topical term or geographic name entry element Culture
653 ## - INDEX TERM--UNCONTROLLED
Uncontrolled term კულტურა
700 ## - ADDED ENTRY--PERSONAL NAME
9 (RLIN) 851
Personal name Curtis, William
Relator term Editor
700 ## - ADDED ENTRY--PERSONAL NAME
9 (RLIN) 852
Personal name Fisher, C. Robert
Relator term Editor
942 ## - ADDED ENTRY ELEMENTS (KOHA)
Source of classification or shelving scheme
Koha item type Books
Holdings
Withdrawn status Lost status Source of classification or shelving scheme Damaged status Not for loan Permanent location Current location Date acquired Inventory number Total Checkouts Full call number Barcode Date last seen Price effective from Koha item type
          Ken Walker International University Ken Walker International University 02/15/2021 2269   008 F-71 2269 02/15/2021 02/15/2021 Books

Powered by Koha